Hệ thống văn bản pháp luật mới về quản lý tài chính hành chính sự nghiệp

שמור ב:
מידע ביבליוגרפי
פורמט: ספר
שפה:Undetermined
יצא לאור: Hà Nội Lao động Xã hội 2005
נושאים:
תגים: הוספת תג
אין תגיות, היה/י הראשונ/ה לתייג את הרשומה!
Thư viện lưu trữ: Trung tâm Học liệu Trường Đại học Cần Thơ
LEADER 00642nam a2200193Ia 4500
001 CTU_73916
008 210402s9999 xx 000 0 und d
020 |b 390000 
082 |a 343.59703 
082 |b H250 
245 0 |a Hệ thống văn bản pháp luật mới về quản lý tài chính hành chính sự nghiệp 
260 |a Hà Nội 
260 |b Lao động Xã hội 
260 |c 2005 
650 |a Accounting,Finance, public 
650 |x Law and legislation,Law and legislation 
650 |z Vietnam,Vietnam 
904 |i Năm, QHieu 
980 |a Trung tâm Học liệu Trường Đại học Cần Thơ